[Event "Oberliga Bayern 2324"]
[Site "Germany"]
[Date "2024.04.28"]
[Round "9.3"]
[White "Vuckovic, Aleksandar"]
[Black "Meier, Volker"]
[Result "1/2-1/2"]
[WhiteElo "2339"]
[BlackElo "2190"]
[PlyCount "93"]
[EventDate "2023.10.22"]
[EventType "team-tourn"]
[EventRounds "9"]
[EventCountry "GER"]
[SourceTitle "EXT 2025"]
[Source "ChessBase"]
[SourceDate "2024.10.14"]
[SourceVersion "1"]
[SourceVersionDate "2024.10.14"]
[SourceQuality "1"]
[WhiteTeam "Augsburg"]
[BlackTeam "Muenchen Tarrasch"]
[WhiteTeamCountry "GER"]
[BlackTeamCountry "GER"]

1. e4 e5 2. Nf3 Nc6 3. d4 exd4 4. Nxd4 Nf6 5. Nxc6 bxc6 6. Bd3 d5 7. e5 Ng4 8. 0-0 Bc5 9. Qe2 Qe7 10. Bf4 g5 11. Bd2 Nxe5 12. Re1 Bd6 13. c4 f6 14. Nc3 dxc4 15. Bxc4 Be6 16. Bxe6 Qxe6 17. Qa6 0-0 18. Qxc6 Qc4 19. Qd5+ Qxd5 20. Nxd5 c6 21. Ne3 Nd3 22. Rf1 Nxb2 23. Rac1 Nd3 24. Rxc6 Rfd8 25. Ba5 Rd7 26. Rd1 Be5 27. g3 Rb8 28. Ng4 Kf7 29. Nxe5+ fxe5 30. Bc3 Rb6 31. Rc8 e4 32. Kf1 Ra6 33. Rd2 Rb6 34. Re2 Re6 35. Rc4 Rde7 36. Bd4 Rb7 37. Bc3 Rbe7 38. Kg2 g4 39. h3 h5 40. Bd2 Kg6 41. h4 Re5 42. Rc6+ R5e6 43. Rxe4 Rxc6 44. Rxe7 Rc2 45. Be3 Rxa2 46. Bxa7 Ne1+ 47. Rxe1 1/2-1/2

[Event "Oberliga Bayern 2324"]
[Site "Germany"]
[Date "2024.04.14"]
[Round "8.3"]
[White "Meier, Volker"]
[Black "Votruba, Pavel"]
[Result "1-0"]
[WhiteElo "2190"]
[BlackElo "2222"]
[PlyCount "51"]
[EventDate "2023.10.22"]
[EventType "team-tourn"]
[EventRounds "9"]
[EventCountry "GER"]
[SourceTitle "EXT 2025"]
[Source "ChessBase"]
[SourceDate "2024.10.14"]
[SourceVersion "1"]
[SourceVersionDate "2024.10.14"]
[SourceQuality "1"]
[WhiteTeam "Muenchen Tarrasch"]
[BlackTeam "Schwandorf"]
[WhiteTeamCountry "GER"]
[BlackTeamCountry "GER"]

1. e4 e6 2. d4 d5 3. Nc3 Nf6 4. e5 Nfd7 5. f4 c5 6. Nf3 Nc6 7. Be3 cxd4 8. Nxd4 Bc5 9. Qd2 a6 10. 0-0-0 Qe7 11. h4 Bxd4 12. Bxd4 b5 13. Rh3 0-0 14. h5 f6 15. h6 fxe5 16. hxg7 Rf7 17. fxe5 Nxd4 18. Qxd4 Qg5+ 19. Kb1 Qxe5 20. Qh4 Rxg7 21. Qd8+ Nf8 22. Rf3 Rf7 23. Rxf7 Kxf7 24. Bd3 Bb7 25. Rf1+ Kg7 26. Qe7+ 1-0

[Event "Oberliga Bayern 2324"]
[Site "Germany"]
[Date "2023.12.03"]
[Round "3.3"]
[White "Pohl Kuemmel, Jens Uwe"]
[Black "Meier, Volker"]
[Result "1/2-1/2"]
[WhiteElo "2222"]
[BlackElo "2190"]
[PlyCount "61"]
[EventDate "2023.10.22"]
[EventType "team-tourn"]
[EventRounds "9"]
[EventCountry "GER"]
[SourceTitle "EXT 2025"]
[Source "ChessBase"]
[SourceDate "2024.10.14"]
[SourceVersion "1"]
[SourceVersionDate "2024.10.14"]
[SourceQuality "1"]
[WhiteTeam "Regensburg Post/Sued"]
[BlackTeam "Muenchen Tarrasch"]
[WhiteTeamCountry "GER"]
[BlackTeamCountry "GER"]

1. Nf3 Nf6 2. c4 g6 3. Nc3 Bg7 4. e4 d6 5. d4 0-0 6. Be2 e5 7. 0-0 exd4 8. Nxd4 Re8 9. f3 c6 10. Kh1 d5 11. exd5 cxd5 12. Bg5 dxc4 13. Bxc4 Nc6 14. Nxc6 Qxd1 15. Raxd1 bxc6 16. Rfe1 Be6 17. Bxe6 fxe6 18. Rd6 Nd5 19. Rxc6 Nxc3 20. bxc3 Rac8 21. Rxc8 Rxc8 22. Rxe6 Bxc3 23. h4 a5 24. Kh2 Rc4 25. Re4 Rc6 26. Kg3 h5 27. Kf2 Ba1 28. Re2 Kf7 29. Re7+ Kf8 30. Re2 Kf7 31. Re7+ 1/2-1/2

[Event "Oberliga Bayern 2324"]
[Site "Germany"]
[Date "2023.10.22"]
[Round "1.3"]
[White "Meier, Volker"]
[Black "Hrebenshchykova, Yelyzaveta"]
[Result "1/2-1/2"]
[WhiteElo "2190"]
[BlackElo "2300"]
[PlyCount "78"]
[EventDate "2023.10.22"]
[EventType "team-tourn"]
[EventRounds "9"]
[EventCountry "GER"]
[SourceTitle "EXT 2025"]
[Source "ChessBase"]
[SourceDate "2024.10.14"]
[SourceVersion "1"]
[SourceVersionDate "2024.10.14"]
[SourceQuality "1"]
[WhiteTeam "Muenchen Tarrasch"]
[BlackTeam "Nuernberg"]
[WhiteTeamCountry "GER"]
[BlackTeamCountry "GER"]

1. d4 Nf6 2. c4 e6 3. Nf3 d5 4. Nc3 Bb4 5. Qa4+ Nc6 6. e3 0-0 7. Bd2 Re8 8. Qc2 a6 9. h3 e5 10. dxe5 Nxe5 11. Nxd5 Nxf3+ 12. gxf3 Nxd5 13. cxd5 Bf8 14. Bc4 b5 15. Bb3 Bb7 16. 0-0-0 Bxd5 17. Ba5 Bxb3 18. Rxd8 Bxc2 19. Rxa8 Rxa8 20. Kxc2 Bd6 21. Rd1 Re8 22. f4 Re6 23. Kd3 Rh6 24. Rh1 f5 25. Bc3 Kf7 26. b3 Rh4 27. a4 h6 28. axb5 axb5 29. Be5 g5 30. Bxd6 cxd6 31. fxg5 hxg5 32. Ra1 Rxh3 33. Ra5 f4 34. Rxb5 fxe3 35. fxe3 Rg3 36. b4 Ke6 37. Ke4 Rg4+ 38. Kf3 Rc4 39. Rxg5 Rxb4 1/2-1/2

[Event "Munich Pfingst op-A 1st"]
[Site "Munich"]
[Date "2023.06.02"]
[Round "3"]
[White "Dimitrov, Radoslav"]
[Black "Meier, Volker"]
[Result "1-0"]
[WhiteElo "2488"]
[BlackElo "2234"]
[PlyCount "63"]
[EventDate "2023.05.31"]
[EventType "swiss"]
[EventRounds "9"]
[EventCountry "GER"]
[SourceTitle "CBM 214 Extra"]
[Source "ChessBase"]
[SourceDate "2023.07.31"]
[SourceVersion "1"]
[SourceVersionDate "2023.07.31"]
[SourceQuality "1"]

1. d4 d5 2. c4 c6 3. Nf3 Nf6 4. Qc2 g6 5. Bf4 Bg7 6. e3 0-0 7. Nc3 a6 8. Bd3 b5 9. cxd5 cxd5 10. 0-0 Bb7 11. a4 b4 12. Na2 Nc6 13. Ne5 Rc8 14. Nxc6 Rxc6 15. Qe2 Qb6 16. Nc1 a5 17. Nb3 Ra8 18. Nc5 Rcc8 19. Rfc1 Ne4 20. Bxe4 dxe4 21. Qb5 Qxb5 22. axb5 e5 23. Bxe5 Bxe5 24. dxe5 Rc7 25. b6 Re7 26. Rd1 Kg7 27. h3 f5 28. e6 Kf6 29. Rd7 Bc6 30. b7 Rb8 31. Rxa5 Rxe6 32. Ra6 1-0

[Event "Oberliga Bayern 2223"]
[Site "Germany"]
[Date "2023.03.05"]
[Round "7.4"]
[White "Mostbauer, Florian"]
[Black "Meier, Volker"]
[Result "1/2-1/2"]
[WhiteElo "2295"]
[BlackElo "2254"]
[PlyCount "77"]
[EventDate "2022.10.09"]
[EventType "team-tourn"]
[EventRounds "9"]
[EventCountry "GER"]
[SourceTitle "EXT 2025"]
[Source "ChessBase"]
[SourceDate "2024.10.14"]
[SourceVersion "1"]
[SourceVersionDate "2024.10.14"]
[SourceQuality "1"]
[WhiteTeam "Trostberg"]
[BlackTeam "Muenchen Tarrasch"]
[WhiteTeamCountry "GER"]
[BlackTeamCountry "GER"]

1. d4 d5 2. Nf3 c6 3. e3 Nf6 4. Bd3 g6 5. Nbd2 Bg7 6. 0-0 0-0 7. c3 Bf5 8. Qc2 Bxd3 9. Qxd3 Nbd7 10. e4 dxe4 11. Nxe4 c5 12. Nxf6+ Nxf6 13. Be3 Rc8 14. Qb5 Qd7 15. Qxd7 Nxd7 16. dxc5 Nxc5 17. Rad1 b6 18. Rfe1 e6 19. Bxc5 Rxc5 20. Rd7 a5 21. Red1 Bf6 22. g3 Kg7 23. R1d3 Rfc8 24. Nd2 R5c7 25. Ne4 Be7 26. h4 h6 27. Kf1 b5 28. Rxc7 Rxc7 29. Nd6 Bxd6 30. Rxd6 b4 31. cxb4 axb4 32. Rb6 Rc1+ 33. Kg2 Ra1 34. Rxb4 Rxa2 35. Kf3 f5 36. Ke3 Kf6 37. f4 g5 38. hxg5+ hxg5 39. Rb3 1/2-1/2

[Event "Oberliga Bayern 2223"]
[Site "Germany"]
[Date "2023.02.05"]
[Round "6.3"]
[White "Klek, Hanna Marie"]
[Black "Meier, Volker"]
[Result "1-0"]
[WhiteElo "2301"]
[BlackElo "2254"]
[PlyCount "71"]
[EventDate "2022.10.09"]
[EventType "team-tourn"]
[EventRounds "9"]
[EventCountry "GER"]
[SourceTitle "EXT 2025"]
[Source "ChessBase"]
[SourceDate "2024.10.14"]
[SourceVersion "1"]
[SourceVersionDate "2024.10.14"]
[SourceQuality "1"]
[WhiteTeam "Erlangen"]
[BlackTeam "Muenchen Tarrasch"]
[WhiteTeamCountry "GER"]
[BlackTeamCountry "GER"]

1. e4 e5 2. Nf3 Nc6 3. Bb5 a6 4. Ba4 Nf6 5. 0-0 Be7 6. d3 b5 7. Bb3 d6 8. Bd2 0-0 9. h3 Bb7 10. Re1 Re8 11. a4 Qd7 12. Nc3 Nd4 13. Nxd4 exd4 14. Ne2 c5 15. Ng3 Qc7 16. Nf5 Bf8 17. Bf4 Bc8 18. axb5 Bxf5 19. b6 Qxb6 20. exf5 Rxe1+ 21. Qxe1 Qc6 22. Qd1 d5 23. Qf3 Rd8 24. Bg5 Be7 25. Ba4 Qb6 26. Re1 Bf8 27. Bb3 c4 28. Bxf6 gxf6 29. dxc4 dxc4 30. Bxc4 Qxb2 31. Qh5 Qb7 32. Re4 Kh8 33. Rh4 h6 34. Bxf7 Rd7 35. Be6 Rd8 36. Qg6 1-0

[Event "Belgrade Serbia op"]
[Site "Belgrade"]
[Date "2021.07.02"]
[Round "1"]
[White "Meier, Volker"]
[Black "Suleymanli, Aydin Elshan"]
[Result "0-1"]
[WhiteElo "2285"]
[BlackElo "2563"]
[PlyCount "100"]
[EventDate "2021.07.02"]
[EventType "swiss"]
[EventRounds "9"]
[EventCountry "SRB"]
[SourceTitle "CBM 203 Extra"]
[Source "ChessBase"]
[SourceDate "2021.09.30"]
[SourceVersion "1"]
[SourceVersionDate "2021.09.30"]
[SourceQuality "1"]

1. d4 d5 2. c4 e6 3. Nf3 Be7 4. g3 Nf6 5. Bg2 0-0 6. 0-0 b6 7. b3 Bb7 8. cxd5 exd5 9. Nc3 Na6 10. Bb2 c6 11. Re1 Nc7 12. Qc2 Ne6 13. Rad1 Rc8 14. e4 dxe4 15. Nxe4 Nd5 16. a3 Rc7 17. h4 g6 18. Ne5 Re8 19. h5 Bf8 20. hxg6 hxg6 21. f4 Bg7 22. Qf2 Nf8 23. Nc3 Rce7 24. Nxd5 cxd5 25. Bf1 Nh7 26. Bb5 Nf6 27. Bxe8 Qxe8 28. a4 Ne4 29. Qg2 f6 30. Nf3 Bc8 31. Ba3 Rb7 32. Nd2 f5 33. Nf3 b5 34. axb5 Qxb5 35. Re3 Rc7 36. Rc1 Rxc1+ 37. Bxc1 Ba6 38. Ne5 g5 39. Kh2 Qb6 40. fxg5 Qxd4 41. Nf3 Qd1 42. Bb2 Bf1 43. Re1 Bxg2 44. Rxd1 Bxf3 45. Rd3 Be2 46. Re3 Bxb2 47. Rxe2 Be5 48. Ra2 d4 49. Rxa7 d3 50. Rd7 Nd6 0-1

[Event "Innsbruck op 4th"]
[Site "Innsbruck"]
[Date "2020.08.24"]
[Round "4"]
[White "Wagner, Leopold Franziskus"]
[Black "Meier, Volker"]
[Result "1/2-1/2"]
[WhiteElo "2168"]
[BlackElo "2272"]
[PlyCount "51"]
[EventDate "2020.08.22"]
[EventType "swiss"]
[EventRounds "9"]
[EventCountry "AUT"]
[SourceTitle "CBM 198 Extra"]
[Source "ChessBase"]
[SourceDate "2020.11.30"]
[SourceVersion "1"]
[SourceVersionDate "2020.11.30"]
[SourceQuality "1"]

1. e4 Nf6 2. e5 Nd5 3. d4 d6 4. c4 Nb6 5. exd6 cxd6 6. Nc3 g6 7. Be3 Bg7 8. Nf3 0-0 9. Be2 Bg4 10. h3 Bxf3 11. Bxf3 Nc6 12. b3 e5 13. Bxc6 bxc6 14. 0-0 d5 15. cxd5 Nxd5 16. Nxd5 Qxd5 17. dxe5 Qxe5 18. Rc1 Rfd8 19. Qc2 Qa5 20. Qe2 Rd6 21. Rc5 Qa3 22. Rc2 Re6 23. Qf3 Rd8 24. Bc5 Qa5 25. Be3 h5 26. Rfc1 1/2-1/2

[Event "Schwarzach op 34th"]
[Site "Schwarzach"]
[Date "2019.07.17"]
[Round "5"]
[White "Meier, Volker"]
[Black "Milov, Leonid"]
[Result "1/2-1/2"]
[WhiteElo "2252"]
[BlackElo "2472"]
[PlyCount "101"]
[EventDate "2019.07.13"]
[EventType "swiss"]
[EventRounds "9"]
[EventCountry "AUT"]
[SourceTitle "EXT 2020"]
[Source "ChessBase"]
[SourceDate "2019.10.17"]
[SourceVersion "1"]
[SourceVersionDate "2019.10.17"]
[SourceQuality "1"]

1. c4 f5 2. g3 Nf6 3. Bg2 e5 4. Nc3 Bb4 5. d3 Bxc3+ 6. bxc3 0-0 7. Nh3 d6 8. 0-0 h6 9. f3 Nc6 10. Nf2 Be6 11. e4 fxe4 12. Nxe4 Nxe4 13. fxe4 Rxf1+ 14. Kxf1 Qd7 15. Be3 a6 16. Qe2 b5 17. cxb5 axb5 18. Qb2 Na5 19. Kg1 c6 20. Bf3 Nb7 21. a3 Na5 22. Rf1 Nb3 23. Bg4 Bxg4 24. Qxb3+ Be6 25. Qb2 Kh7 26. h4 Bg8 27. Bc1 Be6 28. Qf2 c5 29. Qe3 Qa7 30. Rf2 Kg8 31. Kg2 Rf8 32. Rxf8+ Kxf8 33. d4 cxd4 34. cxd4 exd4 35. Qf2+ Ke8 36. Bb2 Qc7 37. Bxd4 Qb7 38. Qe3 Kf7 39. Kf2 Kg8 40. Bc3 Qf7+ 41. Ke1 Bc4 42. e5 Qf1+ 43. Kd2 Bb3 44. Qe1 Qg2+ 45. Kd3 dxe5 46. Bxe5 Bd5 47. Qc3 Bc4+ 48. Kd4 Qf2+ 49. Qe3 Qf8 50. Qc3 Qc8 51. Qb4 1/2-1/2

[Event "Schwarzach op 34th"]
[Site "Schwarzach"]
[Date "2019.07.14"]
[Round "2"]
[White "Stevic, Hrvoje"]
[Black "Meier, Volker"]
[Result "1-0"]
[WhiteElo "2569"]
[BlackElo "2252"]
[PlyCount "119"]
[EventDate "2019.07.13"]
[EventType "swiss"]
[EventRounds "9"]
[EventCountry "AUT"]
[SourceTitle "EXT 2020"]
[Source "ChessBase"]
[SourceDate "2019.10.17"]
[SourceVersion "1"]
[SourceVersionDate "2019.10.17"]
[SourceQuality "1"]

1. e4 e5 2. Nf3 Nc6 3. Bc4 Nf6 4. d3 Bc5 5. 0-0 d6 6. c3 a6 7. a4 0-0 8. Nbd2 Be6 9. Bxe6 fxe6 10. b4 Ba7 11. Nc4 Qd7 12. Qe2 b5 13. axb5 axb5 14. Na3 Bb6 15. Be3 Bxe3 16. Qxe3 Ra6 17. Nxb5 Rxa1 18. Rxa1 Nxb4 19. Na3 Nc6 20. Nc4 Rb8 21. h3 h6 22. d4 exd4 23. cxd4 d5 24. Ncd2 Nxe4 25. Nxe4 dxe4 26. Qxe4 Rd8 27. Rc1 Nxd4 28. Nxd4 Qxd4 29. Qxe6+ Kh7 30. Rxc7 Qd1+ 31. Kh2 Qd6+ 32. Qxd6 Rxd6 33. Rc5 g5 34. h4 Rf6 35. f3 Kg6 36. Rc4 Ra6 37. Kh3 gxh4 38. Kxh4 Rf6 39. f4 Re6 40. g4 Re1 41. Kg3 Re3+ 42. Kf2 Rh3 43. Rc6+ Kg7 44. Re6 Kf7 45. Re3 Rh1 46. Rd3 Ke6 47. Kg2 Rh4 48. Kf3 Rh1 49. Rd2 Kf6 50. Rd6+ Ke7 51. Ra6 Rh4 52. Ra1 Rh2 53. Ke4 Kf6 54. Ra6+ Kg7 55. Kf5 Rb2 56. Ra7+ Kg8 57. Kg6 Rb6+ 58. Kh5 Rb4 59. f5 Rf4 60. Ra6 1-0

[Event "Lienz op 20th"]
[Site "Lienz"]
[Date "2019.02.10"]
[Round "3"]
[White "Meier, Volker"]
[Black "Perske, Thore"]
[Result "1-0"]
[WhiteElo "2271"]
[BlackElo "2451"]
[PlyCount "101"]
[EventDate "2019.02.09"]
[EventType "swiss"]
[EventRounds "9"]
[EventCountry "AUT"]
[SourceTitle "CBM 188 Extra"]
[Source "ChessBase"]
[SourceDate "2019.02.28"]
[SourceVersion "1"]
[SourceVersionDate "2019.02.28"]
[SourceQuality "1"]

1. Nf3 Nf6 2. c4 g6 3. b4 d6 4. Bb2 e5 5. d3 Bg7 6. g3 a5 7. a3 c6 8. Nbd2 Qb6 9. Bc3 0-0 10. bxa5 Qa7 11. e3 Na6 12. Bg2 Nc5 13. Qc2 Re8 14. e4 Ne6 15. 0-0 Nd4 16. Qd1 Nd7 17. Nb3 c5 18. Nfxd4 exd4 19. Bd2 Ne5 20. f4 Ng4 21. Qe2 f5 22. Ra2 Rb8 23. Rb1 Bd7 24. Bf3 Nf6 25. Qg2 fxe4 26. dxe4 b5 27. axb6 Rxb6 28. Bc1 Reb8 29. Rab2 Ng4 30. Nd2 Rxb2 31. Rxb2 Rxb2 32. Bxb2 Ne3 33. Qe2 Be6 34. Qd3 Qa4 35. Be2 h5 36. Bc1 Bg4 37. Nf3 Nc2 38. Kf2 Ne3 39. Bxe3 dxe3+ 40. Kxe3 Bxf3 41. Kxf3 Bd4 42. e5 Kg7 43. exd6 Qc6+ 44. Qe4 Qxd6 45. Bd3 Qf6 46. a4 g5 47. Qh7+ Kf8 48. Qf5 gxf4 49. Kxf4 Kg7 50. Qxf6+ Kxf6 51. a5 1-0

[Event "Landesliga Sued 1819"]
[Site "Bayern"]
[Date "2019.02.03"]
[Round "6.2"]
[White "Radovanovic, Nikola"]
[Black "Meier, Volker"]
[Result "1-0"]
[WhiteElo "2426"]
[BlackElo "2239"]
[PlyCount "87"]
[EventDate "2018.10.21"]
[EventType "team-tourn"]
[EventRounds "9"]
[EventCountry "GER"]
[SourceTitle "EXT 2022"]
[Source "ChessBase"]
[SourceDate "2021.10.06"]
[SourceVersion "1"]
[SourceVersionDate "2021.10.06"]
[SourceQuality "1"]
[WhiteTeam "Muenchen SC II"]
[BlackTeam "Muenchen Tarrasch"]
[WhiteTeamCountry "GER"]
[BlackTeamCountry "GER"]

1. e4 e5 2. Nf3 Nc6 3. Nc3 Nf6 4. a3 g6 5. Bc4 Bg7 6. d3 d6 7. h3 Be6 8. Ng5 Bxc4 9. dxc4 h6 10. Nf3 Qd7 11. Be3 0-0 12. Qd2 Kh7 13. g4 Ng8 14. 0-0-0 a6 15. c5 Rfd8 16. Qe2 Qe6 17. cxd6 Rxd6 18. Rxd6 cxd6 19. Rd1 Rc8 20. Qd3 Bf8 21. Nd5 Nce7 22. Nb6 Rc6 23. Nd2 Nc8 24. Nd5 b5 25. Nb4 Rc7 26. Nxa6 Rb7 27. Nb3 Nf6 28. f3 Na7 29. Nb4 Qc8 30. Bxa7 Rxa7 31. Qxb5 Rc7 32. Qd3 Nd7 33. Nd5 Rb7 34. Qc3 Qd8 35. Kb1 Nc5 36. Nxc5 dxc5 37. Qc4 Qa5 38. Ka2 Bg7 39. Rd3 f5 40. gxf5 gxf5 41. exf5 e4 42. Rb3 Rxb3 43. Qxb3 c4 44. Qb7 1-0

[Event "Schwarzach op 33rd"]
[Site "Schwarzach"]
[Date "2018.07.17"]
[Round "4"]
[White "Meier, Volker"]
[Black "Makarian, Rudik"]
[Result "0-1"]
[WhiteElo "2261"]
[BlackElo "2365"]
[PlyCount "52"]
[EventDate "2018.07.14"]
[EventType "swiss"]
[EventRounds "9"]
[EventCountry "AUT"]
[SourceTitle "EXT 2019"]
[Source "ChessBase"]
[SourceDate "2018.10.10"]
[SourceVersion "1"]
[SourceVersionDate "2018.10.10"]
[SourceQuality "1"]

1. c4 Nf6 2. Nc3 g6 3. g3 Bg7 4. Bg2 0-0 5. Nf3 d6 6. d4 Nc6 7. 0-0 a6 8. Re1 Rb8 9. a4 Na5 10. b3 c5 11. Rb1 Bf5 12. e4 Bg4 13. Be3 Nd7 14. Qd2 Nc6 15. d5 Bxf3 16. Bxf3 Nd4 17. Bd1 Qa5 18. Rc1 b5 19. axb5 axb5 20. Kg2 bxc4 21. bxc4 Ne5 22. f4 Nxc4 23. Qd3 Rb2+ 24. Kh1 Nxe3 25. Rxe3 Qa3 26. Rb1 c4 0-1

[Event "Basel op"]
[Site "Basel"]
[Date "2018.01.03"]
[Round "3"]
[White "Parnali, S Dharia"]
[Black "Meier, Volker"]
[Result "1/2-1/2"]
[WhiteElo "2082"]
[BlackElo "2284"]
[PlyCount "69"]
[EventDate "2018.01.02"]
[EventType "swiss"]
[EventRounds "9"]
[EventCountry "SUI"]
[SourceTitle "CBM 182 Extra"]
[Source "ChessBase"]
[SourceDate "2018.02.23"]
[SourceVersion "1"]
[SourceVersionDate "2018.02.23"]
[SourceQuality "1"]

1. d4 Nf6 2. c4 g6 3. Nc3 Bg7 4. g3 0-0 5. Bg2 d6 6. Nf3 Nbd7 7. 0-0 e5 8. b3 Re8 9. Bb2 e4 10. Ng5 e3 11. fxe3 Bh6 12. Nge4 Nxe4 13. Nxe4 f5 14. Nc3 Bxe3+ 15. Kh1 c6 16. Qd3 Nf6 17. d5 c5 18. Nb5 a6 19. Bxf6 Qxf6 20. Nc7 Bd7 21. Nxa8 Qd8 22. Rf3 Bd4 23. Raf1 Qxa8 24. e3 Bg7 25. R3f2 Qd8 26. e4 Qe7 27. Re2 Be5 28. exf5 Bxf5 29. Be4 Bg4 30. Bf3 Bf5 31. Be4 Bg4 32. Bf3 Bf5 33. Qe3 Kg7 34. Rfe1 Qf6 35. Qf2 1/2-1/2

[Event "Schwarzach op 32nd"]
[Site "Schwarzach"]
[Date "2017.08.25"]
[Round "8"]
[White "Krstic, Uros"]
[Black "Meier, Volker"]
[Result "1/2-1/2"]
[WhiteElo "2388"]
[BlackElo "2273"]
[PlyCount "28"]
[EventDate "2017.08.19"]
[EventType "swiss"]
[EventRounds "9"]
[EventCountry "AUT"]
[SourceTitle "CBM 180 Extra"]
[Source "ChessBase"]
[SourceDate "2017.10.06"]
[SourceVersion "1"]
[SourceVersionDate "2017.10.06"]
[SourceQuality "1"]

1. e4 c5 2. Ne2 d6 3. g3 Nf6 4. Bg2 Nc6 5. c3 e5 6. d4 Be7 7. h3 0-0 8. 0-0 exd4 9. cxd4 cxd4 10. Nxd4 d5 11. exd5 Nxd5 12. Nxc6 bxc6 13. Qa4 Qb6 14. Nc3 Be6 1/2-1/2